Pays qui lancent le plus de fusées - Statistiques

Statistiques générales
  • Ce quiz a été pris 44 fois
  • Le résultat moyen est 5 sur 7
Statistiques - réponses
Hint Réponse % Correct
70 / an Chine
100%
120 / an Etats-Unis
100%
25 / an Russie
100%
10 / an Inde
91%
8 / an Japon
88%
6 / an Kazakhstan
21%
15 / an Nouvelle-Zélande
19%
Aucun quiz correspondant
Distribution des résultats
% des personnes avec chaque résultat
Percentile par nombre de réponses
Votre historique - résultats
Vous n’avez pas pris ce quiz